00866cam a2200313 c 4500001000800000003000900008005001700017007000800034008003900042015000600081017000900087020001800096035000600114040002500120080000600145082002300151100003200174245006000206250000600266260003300272300002000305440000600325490003500331500007100366586003600437650002000473650002400493830003500517a499929DO-SdBNP20171116131840.0a499929110221s2010 mx | |||| 000 f spa  a  a b  a9789707703285 a  aBPMSUbspacBPMSUe  a  42 aPe863.44bV297t1 aVargas Llosa, Mario,d1936-13aLa tía Julia y el escribidor /h cMario Vargas Llosa a  aMéxico : bAlfaguarac2010 a466 p. ;c23 cm p  aBiblioteca Mario Vargas Llosa  aIncluye datos biográficos del autor en la solapa de la cubierta  aPremio Nobel de literatura 2010 aNOVELA PERUANA  aLITERATURA PERUANA  0aBiblioteca Mario Vargas Llosa